01320nam a2200193Ia 4500008004100000020001800041050002000059100002600079240008000105245008000185260004400265300002900309490005100338500008600389504003400475505056100509650002301070700003301093120625s1998 mx r 001 0 spa d a978842063954314aBF637.C45 bD381 aDavis, Flora eautora10aIniside Intuition. What we know about non-verbal communication. lespañol13aLa comunicación no verbalc / Flora Davis ; traducción Lita Mourglier 3 aEspañaa: Méxicob: Alianzac, 1998 a270 páginas c ; 18 cm0 aLibro de Bolsillo. Ciencias Sociales v ; 3600 aTítulo original: Inside Intuition. What we know about non-verbal communication  aBibliografía: pp. 257-270 1 aUna ciencia incipiente Indicadores de sexo Comportamientos durante el galanteo El silencioso mundo celuloide de la sinesis El cuerpo es el mensaje Saludos de primate muy antiguo El rostro humano Lo que dicen los ojos La danza de las manos mensajes a distancia y proximidad la interpretación de la postura Ritmos corporales Los ritmos de los encuentros humanos Comunicación por el olfato Comunicación por el tacto Las lecciones del útero El código no verbal de los niños Indicadores del carácter El orden publico El arte de conversar El futuro 4aLENGUAJE CORPORAL 1 aMourglier, Lita etraductora